| 000 | 00000nam##2200000za#4500 |
| 001 | 9.572154 |
| 003 | CaOODSP |
| 005 | 20231208112823 |
| 007 | cr ||||||||||| |
| 008 | 150406|2009||||xxc|||||o f|0| 0 eng|d |
| 040 | |aCaOODSP|beng |
| 043 | |an-cn--- |
| 086 | 1 |aPS83-5/R203E-PDF |
| 110 | 1 |aCorrectional Service Canada. |bResearch Branch. |
| 245 | 10|aSecurity reclassification of Aboriginal and non-Aboriginal male offenders / |h[electronic resource]|cprepared by Kim Allenby. |
| 260 | |bCorrectional Service Canada. |cSeptember 2009. |
| 300 | |a1p. |
| 490 | 1 |aResearch at a glance|vR203 |
| 500 | |aFor the associated Research Report, please see catalogue number PS83-3/203E-PDF. |
| 504 | |aBibliography. |
| 590 | |a11-27-Supp|b2011-11-15 |
| 720 | 1 |aAllenby, Kim |
| 775 | 08|tRéévaluation du niveau de sécurité des délinquants autochtones et non autochtones de sexe masculin / |w(CaOODSP)9.602566 |
| 830 | #0|aResearch at a glance (Correctional Service Canada)|vR203|w(CaOODSP)9.506649 |
| 856 | 40|ahttp://publications.gc.ca|qPDF|s93 KB|uhttps://publications.gc.ca/collections/collection_2011/scc-csc/PS83-5-R203-eng.pdf|yR203 |